01086cam a2200265 i 4500001000500000005001700005020001500022040003300037050001500070082001200085100003900097245007200136250004600208260003600254300006600290490001700356500020600373505000800579520011900587521002000706521002000726650003100746650001000777700003300787295920250828111527.0 a0590107054 aDLCbengcDLCerdadDLCdDLC00aGA130.S88500a912.0141 aSweeney, Joand1930-2017,eauthor.10aMe on the map /cby Sweeney, Joan ; illustrated by Cable, Annette  aFirst Scholastic printing, September 1997 aNew York :bScholastic , c1996 a27 unnumbered pages :bcolor illustrations, maps ;c24 cm .  a Me... books a"Originally published in hardcover with different illustrations by Crown Publishers, an imprint of Random House Children's Books, a division of Penguin Random House LLC, New York, in 1996"--T.p. verso. aE  aA child describes how her room, her house, her town, her state, and her country become part of a map of her world.1 a280 bLexile 1 aE bRaz-Plus  0aMapsvJuvenile literature. 0aMaps.1 aCable, Annette eillustrator